<?xml version="1.0" encoding="UTF-8"?>
<record
    xmlns:xsi="http://www.w3.org/2001/XMLSchema-instance"
    xsi:schemaLocation="http://www.loc.gov/MARC21/slim http://www.loc.gov/standards/marcxml/schema/MARC21slim.xsd"
    xmlns="http://www.loc.gov/MARC21/slim">

  <leader>01948nam a22002897a 4500</leader>
  <controlfield tag="001">1500</controlfield>
  <controlfield tag="005">20250604083427.0</controlfield>
  <datafield tag="020" ind1=" " ind2=" ">
    <subfield code="a">9789924341390</subfield>
  </datafield>
  <datafield tag="040" ind1=" " ind2=" ">
    <subfield code="a">FISKH </subfield>
    <subfield code="b">eng</subfield>
    <subfield code="c">FISKH </subfield>
    <subfield code="d">FISKH </subfield>
  </datafield>
  <datafield tag="082" ind1=" " ind2=" ">
    <subfield code="a">332.024</subfield>
  </datafield>
  <datafield tag="100" ind1=" " ind2=" ">
    <subfield code="a">Sophal, Bot </subfield>
  </datafield>
  <datafield tag="245" ind1=" " ind2=" ">
    <subfield code="a">&#x179F;&#x17D2;&#x179C;&#x17C2;&#x1784;&#x1799;&#x179B;&#x17CB;&#x1796;&#x17B8;&#x179B;&#x17BB;&#x1799; /  </subfield>
    <subfield code="c">&#x1793;&#x17B7;&#x1796;&#x1793;&#x17D2;&#x1792;&#x178A;&#x17C4;&#x1799; &#x1794;&#x17CA;&#x17BB;&#x178F; &#x179F;&#x17BB;&#x1795;&#x179B;, &#x17A1;&#x17B6;&#x1785; &#x179A;&#x178F;&#x1793;&#x17B6; &#x1793;&#x17B7;&#x1784; &#x179F;&#x17CA;&#x17B7;&#x1793; &#x179F;&#x17BB;&#x179C;&#x178E;&#x17D2;&#x178E;&#x179A;&#x178F;&#x1793;&#x17B6; - &#x1793;&#x17B7;&#x1796;&#x1793;&#x17D2;&#x1792;&#x1786;&#x17B6;&#x1780;&#x179A;&#x17BC;&#x1794;&#x1797;&#x17B6;&#x1796;&#x178A;&#x17C4;&#x1799; &#x17A2;&#x17CA;&#x17BC;&#x1785; &#x179F;&#x17BC;&#x178A;&#x17B6;&#x1793;&#x17B8;</subfield>
  </datafield>
  <datafield tag="260" ind1=" " ind2=" ">
    <subfield code="a">Phnom Penh : </subfield>
    <subfield code="b">Sipar, </subfield>
    <subfield code="c">2022. </subfield>
  </datafield>
  <datafield tag="300" ind1=" " ind2=" ">
    <subfield code="a">40 pages : </subfield>
    <subfield code="b">color illustrations ; </subfield>
    <subfield code="c">20 cm</subfield>
  </datafield>
  <datafield tag="490" ind1=" " ind2=" ">
    <subfield code="a">&#x1781;&#x17D2;&#x1789;&#x17BB;&#x17C6;&#x1785;&#x1784;&#x17CB;&#x178A;&#x17B9;&#x1784;</subfield>
  </datafield>
  <datafield tag="505" ind1=" " ind2=" ">
    <subfield code="a">Z'
</subfield>
  </datafield>
  <datafield tag="520" ind1=" " ind2=" ">
    <subfield code="a">&#x179F;&#x17D2;&#x179C;&#x17C2;&#x1784;&#x200B;&#x1799;&#x179B;&#x17CB;&#x200B;&#x1796;&#x17B8;&#x200B;&#x179B;&#x17BB;&#x1799; &#x17A2;&#x17C6;&#x1796;&#x17B8;&#x200B;&#x1794;&#x17D2;&#x179A;&#x179C;&#x178F;&#x17D2;&#x178F;&#x17B7;&#x200B;&#x178A;&#x17C6;&#x1794;&#x17BC;&#x1784;&#x17D7;&#x200B;&#x1793;&#x17C3;&#x200B;&#x1780;&#x17B6;&#x179A;&#x200B;&#x178A;&#x17C4;&#x17C7;&#x200B;&#x178A;&#x17BC;&#x179A;&#x200B;&#x1791;&#x17C6;&#x1793;&#x17B7;&#x1789; &#x1791;&#x1798;&#x17D2;&#x179A;&#x17B6;&#x17C6;&#x200B;&#x178A;&#x179B;&#x17CB;&#x200B;&#x1780;&#x17B6;&#x179A;&#x200B;&#x1794;&#x17C4;&#x17C7;&#x1796;&#x17BB;&#x1798;&#x17D2;&#x1796;&#x200B;&#x179B;&#x17BB;&#x1799;&#x200B;&#x179F;&#x1798;&#x17D2;&#x179A;&#x17B6;&#x1794;&#x17CB;&#x200B;&#x1785;&#x17B6;&#x1799;&#x200B;&#x178A;&#x179B;&#x17CB;&#x200B;&#x179F;&#x1796;&#x17D2;&#x179C;&#x200B;&#x1790;&#x17D2;&#x1784;&#x17C3;&#x17D4; &#x1780;&#x17D2;&#x1793;&#x17BB;&#x1784;&#x200B;&#x1793;&#x17C4;&#x17C7;&#x200B;&#x178A;&#x17C2;&#x179A; &#x17A2;&#x17D2;&#x1793;&#x1780;&#x200B;&#x17A2;&#x17B6;&#x1793;&#x200B;&#x1780;&#x17CF;&#x200B;&#x17A2;&#x17B6;&#x1785;&#x200B;&#x179F;&#x17D2;&#x179C;&#x17C2;&#x1784;&#x200B;&#x1799;&#x179B;&#x17CB;&#x200B;&#x1796;&#x17B8;&#x200B;&#x1780;&#x17B6;&#x179A;&#x200B;&#x1782;&#x17D2;&#x179A;&#x1794;&#x17CB;&#x200B;&#x1782;&#x17D2;&#x179A;&#x1784;&#x200B;&#x1785;&#x17C6;&#x178E;&#x17B6;&#x1799; &#x1780;&#x17B6;&#x179A;&#x200B;&#x179F;&#x1793;&#x17D2;&#x179F;&#x17C6;&#x200B;&#x179B;&#x17BB;&#x1799; &#x1793;&#x17B7;&#x1784;&#x200B;&#x1794;&#x17D2;&#x179A;&#x178F;&#x17B7;&#x1794;&#x178F;&#x17D2;&#x178F;&#x17B7;&#x1780;&#x17B6;&#x179A;&#x200B;&#x17A0;&#x17B7;&#x179A;&#x1789;&#x17D2;&#x1789;&#x179C;&#x178F;&#x17D2;&#x1790;&#x17BB;&#x200B;&#x1793;&#x17C5;&#x200B;&#x1780;&#x1798;&#x17D2;&#x1796;&#x17BB;&#x1787;&#x17B6;&#x200B;&#x1791;&#x17C0;&#x178F;&#x200B;&#x1795;&#x1784;&#x17D4;</subfield>
  </datafield>
  <datafield tag="520" ind1=" " ind2=" ">
    <subfield code="a">Find out about money from the early history of bartering to printing money for today. Readers can also learn about cost management, saving money and financial transactions in Cambodia.</subfield>
  </datafield>
  <datafield tag="521" ind1=" " ind2=" ">
    <subfield code="a">1000 


</subfield>
    <subfield code="b">Lexile estimate
</subfield>
  </datafield>
  <datafield tag="521" ind1=" " ind2=" ">
    <subfield code="a">Z' 
</subfield>
    <subfield code="b">Raz-Plus
</subfield>
  </datafield>
  <datafield tag="650" ind1=" " ind2=" ">
    <subfield code="a">&#x179B;&#x17BB;&#x1799; </subfield>
    <subfield code="v">&#x1785;&#x17C6;&#x178E;&#x17B6;&#x1799; </subfield>
    <subfield code="x">&#x179F;&#x1793;&#x17D2;&#x179F;&#x17C6; </subfield>
  </datafield>
  <datafield tag="650" ind1=" " ind2=" ">
    <subfield code="a">Money </subfield>
    <subfield code="v">Spend </subfield>
    <subfield code="x">Save </subfield>
  </datafield>
  <datafield tag="700" ind1=" " ind2=" ">
    <subfield code="a">Ratana, Larch  </subfield>
    <subfield code="c">Author </subfield>
  </datafield>
  <datafield tag="700" ind1=" " ind2=" ">
    <subfield code="a">Sovanratana, Sin</subfield>
    <subfield code="c">Author </subfield>
  </datafield>
  <datafield tag="700" ind1=" " ind2=" ">
    <subfield code="a">Sodany, Ouch </subfield>
    <subfield code="c">illustrator </subfield>
  </datafield>
  <datafield tag="942" ind1=" " ind2=" ">
    <subfield code="2">ddc</subfield>
    <subfield code="c">KHB</subfield>
    <subfield code="n">0</subfield>
  </datafield>
  <datafield tag="999" ind1=" " ind2=" ">
    <subfield code="c">1500</subfield>
    <subfield code="d">1500</subfield>
  </datafield>
  <datafield tag="952" ind1=" " ind2=" ">
    <subfield code="0">0</subfield>
    <subfield code="1">0</subfield>
    <subfield code="2">ddc</subfield>
    <subfield code="4">0</subfield>
    <subfield code="7">0</subfield>
    <subfield code="8">KHMERNF</subfield>
    <subfield code="a">001</subfield>
    <subfield code="b">001</subfield>
    <subfield code="c">OKHR</subfield>
    <subfield code="d">2023-08-30</subfield>
    <subfield code="l">3</subfield>
    <subfield code="o">SOP 332.024</subfield>
    <subfield code="p">2023-0408</subfield>
    <subfield code="r">2026-01-05 11:12:20</subfield>
    <subfield code="s">2025-11-10</subfield>
    <subfield code="t">1</subfield>
    <subfield code="w">2023-08-30</subfield>
    <subfield code="y">KHB</subfield>
  </datafield>
  <datafield tag="952" ind1=" " ind2=" ">
    <subfield code="0">0</subfield>
    <subfield code="1">0</subfield>
    <subfield code="2">ddc</subfield>
    <subfield code="4">0</subfield>
    <subfield code="7">0</subfield>
    <subfield code="8">KHMERNF</subfield>
    <subfield code="a">001</subfield>
    <subfield code="b">001</subfield>
    <subfield code="c">OKHR</subfield>
    <subfield code="d">2023-08-30</subfield>
    <subfield code="l">1</subfield>
    <subfield code="o">SOP 332.024</subfield>
    <subfield code="p">2023-0409</subfield>
    <subfield code="r">2025-11-10 10:14:47</subfield>
    <subfield code="s">2025-05-21</subfield>
    <subfield code="t">2</subfield>
    <subfield code="w">2023-08-30</subfield>
    <subfield code="y">KHB</subfield>
  </datafield>
</record>
